LEADER 02162nam0 22004093i 450 001 VAN0248675 005 20230529125005.42 017 70$2N$a9783030550691 100 $a20220727d2020 |0itac50 ba 101 $aeng 102 $aCH 105 $a|||| ||||| 200 1 $aˆAn ‰Introduction to Element-Based Galerkin Methods on Tensor-Product Bases$eAnalysis, Algorithms, and Applications$fFrancis X. Giraldo 210 $aCham$cSpringer$d2020 215 $axxvi, 559 p.$cill.$d24 cm 410 1$1001VAN0044060$12001 $aTexts in computational science and engineering$1210 $aBerlin [etc.]$cSpringer$v24 500 1$3VAN0248679$aˆAn ‰Introduction to Element-Based Galerkin Methods on Tensor-Product Bases$92983620 606 $a65-XX$xNumerical analysis [MSC 2020]$3VANC019772$2MF 606 $a65N30$xFinite elements, Rayleigh-Ritz and Galerkin methods, finite methods for boundary value problems involving PDEs [MSC 2020]$3VANC021532$2MF 606 $a65Fxx$xNumerical linear algebra [MSC 2020]$3VANC023723$2MF 606 $a65M60$xFinite element, Rayleigh-Ritz and Galerkin methods for initial value and initial-boundary value problems involving PDEs [MSC 2020]$3VANC029157$2MF 610 $aDiscontinuous Galerkin$9KW:K 610 $aGalerkin methods$9KW:K 610 $aHybridized discontinuous Galerkin$9KW:K 610 $aPartial differential equations$9KW:K 610 $aSpectral element$9KW:K 620 $aCH$dCham$3VANL001889 700 1$aGiraldo$bFrancis X.$3VANV203516$0845465 712 $aSpringer $3VANV108073$4650 801 $aIT$bSOL$c20240614$gRICA 856 4 $uhttp://doi.org/10.1007/978-3-030-55069-1$zE-book ? Accesso al full-text attraverso riconoscimento IP di Ateneo, proxy e/o Shibboleth 899 $aBIBLIOTECA DEL DIPARTIMENTO DI MATEMATICA E FISICA$1IT-CE0120$2VAN08 912 $fN 912 $aVAN0248675 950 $aBIBLIOTECA DEL DIPARTIMENTO DI MATEMATICA E FISICA$d08CONS e-book 4554 $e08eMF4554 20220727 996 $aIntroduction to Element-Based Galerkin Methods on Tensor-Product Bases$92983620 997 $aUNICAMPANIA LEADER 01055nam2 22002893i 450 001 RMG0021455 005 20251003044336.0 100 $a20181105d1996 ||||0itac50 ba 101 | $aita 102 $ait 181 1$6z01$ai $bxxxe 182 1$6z01$an 183 1$6z01$anc$2RDAcarrier 200 0 $a1 210 $aTorino$cUTET$dc1996 215 $aXXVII, 825 p.$d24 cm. 461 1$1001RMG0021454$12001 $aˆLa ‰legislazione notarile$eCodice civile, leggi, decreti e regolamenti$f\a cura di! Maria Nives Iannaccone, Attilio Iannaccone$v1 606 $aCodice civile$2FIR$3CFIC001056$9E 606 $aNotariato$xLegislazione$2FIR$3CFIC012487$9I 676 $a347.45016$9TRIBUNALI CIVILI. ALTRI FUNZIONARI. ITALIA$v22 801 3$aIT$bIT-000000$c20181105 850 $aIT-BN0095 912 $aRMG0021455 950 2$aBiblioteca Centralizzata di Ateneo$cv. 1$d 01D (AR) 21 555$e 01AR 0700215555 VMA A4(0001 v. 1$fY $h19970819$i20181105 977 $a 01 996 $a1$961339 997 $aUNISANNIO